| 000 | 02133nam a2200253Ia 4500 | ||
|---|---|---|---|
| 003 | Ost | ||
| 005 | 20260507075005.0 | ||
| 008 | 260507s9999||||xx |||||||||||||| ||und|| | ||
| 040 | _cfsecg | ||
| 041 | _aara | ||
| 082 | _a341 | ||
| 100 |
_aأبو أحمد، علاء محي الدين مصطفى _eمؤلف |
||
| 245 | 0 |
_aالتحكيم في منازعات العقود الإدارية الدولية في ضوء القوانين الوضعية والمعاهدات الدولية وأحكام محاكم التحكيم : _bدراسة مقارنة / _c علاء محي الدين مصطفى أبو أحمد |
|
| 260 |
_aالاسكندرية: _bدار الجامعة الجديدة, _c2008 |
||
| 300 |
_a510 صفحة؛ _c24 سم |
||
| 504 | _aبيبليوغرافيا: ص.473 -495 | ||
| 520 | _aالباب الأول : العقود الادارية الدولية ماهية العقود الادارية الدولية ، أطراف العقود الادارية الدولية ، تكيف العقود المبرمة بين جهة الدارة والمستثمر الأجنبي ، ابرام العقود الادارية الدولية ، أثار العقود الادارية الدولية الباب الثاني : اتفاق التحكيم الدولي في العقود الادارية مدى امكانية التفاق على التحكيم في العقود الادارية الدولية ، استقلال اتفاق التحكيم في العقود الادارية الدولية ، شروط صحة اتفاق التحكيم ، اتفاق التحكيم الباب الثالث : اللجوء إلى التحكيم في العقود الادرية الدولية القانون الواجب التطبيق على العقود الادارية الدولية ، صدور حكم التحكيم ومدى امكانية الطعن علية ، تنفيذ أحكام التحكيم | ||
| 653 | _aالتحكيم | ||
| 653 | _aالعقود الادارية | ||
| 653 | _aالقانون الدولي | ||
| 653 | _aالمفاوضات الدولية | ||
| 653 | _aالمنازعات | ||
| 942 | _cكتاب | ||
| 999 |
_c42110 _d42110 |
||